Kyrgyz Republic : Selected Issues.

This Selected Issues paper identifies constraints to economic growth in the Kyrgyz Republic, using the Hausmann-Velasco-Rodrik diagnostic approach. It finds that large infrastructure gaps, weak governance and rule of law, and high cost of finance appear to be the most binding constraints to private...

Повний опис

Бібліографічні деталі
Співавтор: International Monetary Fund. Middle East and Central Asia Dept
Формат: Журнал
Мова:English
Опубліковано: Washington, D.C. : International Monetary Fund, 2019.
Серія:IMF Staff Country Reports; Country Report ; No. 2019/209
Онлайн доступ:Full text available on IMF
LEADER 02179cas a2200241 a 4500
001 AALejournalIMF019482
008 230101c9999 xx r poo 0 0eng d
020 |c 5.00 USD 
020 |z 9781498324250 
022 |a 1934-7685 
040 |a BD-DhAAL  |c BD-DhAAL 
110 2 |a International Monetary Fund.  |b Middle East and Central Asia Dept. 
245 1 0 |a Kyrgyz Republic :   |b Selected Issues. 
264 1 |a Washington, D.C. :  |b International Monetary Fund,  |c 2019. 
300 |a 1 online resource (31 pages) 
490 1 |a IMF Staff Country Reports 
500 |a <strong>Off-Campus Access:</strong> No User ID or Password Required 
500 |a <strong>On-Campus Access:</strong> No User ID or Password Required 
506 |a Electronic access restricted to authorized BRAC University faculty, staff and students 
520 3 |a This Selected Issues paper identifies constraints to economic growth in the Kyrgyz Republic, using the Hausmann-Velasco-Rodrik diagnostic approach. It finds that large infrastructure gaps, weak governance and rule of law, and high cost of finance appear to be the most binding constraints to private investment and growth. Additional critical factors are the quality of education and onerous regulations. There is room to improve both the quality and cost/efficiency of education spending. Although relatively low, labor costs have exceeded productivity growth and there is room to improve labor market efficiency. Despite important investments, the infrastructure gap remains large and the country ranks relatively low on infrastructure quality. Weak governance undermines growth through various channels: investment, human capital, and productivity. Weak institutions increase the cost of doing business and make the appropriation of investment returns less certain, overall reducing investor's risk appetite to invest. Public debt is on the high side and the composition of spending is tilted toward current spending. 
538 |a Mode of access: Internet 
830 0 |a IMF Staff Country Reports; Country Report ;  |v No. 2019/209 
856 4 0 |z Full text available on IMF  |u http://elibrary.imf.org/view/journals/002/2019/209/002.2019.issue-209-en.xml  |z IMF e-Library